[Event "AUTO-OPEN-873"]
[Site "http://www.queenalice.com/game.php?id=290051"]
[Date "2007.10.20"]
[Round "1"]
[White "ceredro"]
[Black "rogeriolins"]
[Result "1-0"]
[WhiteElo "1570"]
[BlackElo "1042"]

1. e4 e5 2. Bc4 Bc5 3. d3 Nf6 4. Nc3 O-O 5. Nd5 Nxd5 6. Bxd5 c6 7. Bc4 Qf6 8.
Be3 Bxe3 9. fxe3 d5 10. Bb3 dxe4 11. dxe4 Qh4+ 12. g3 Qxe4 13. Nf3 Qxe3+ 14. Qe2
Qxe2+ 15. Kxe2 Be6 16. Nxe5 Nd7 17. Bxe6 Nxe5 18. Bb3 Rae8 19. Rae1 Ng4+ 20. Kf3
Ne5+ 21. Kg2 h6 22. Rhf1 b5 23. Rf5 a5 24. Rfxe5 Rxe5 25. Rxe5 a4 26. c4 axb3
27. axb3 bxc4 28. bxc4 f6 29. Rc5 Rc8 30. g4 g5 31. b4 Kf7 32. b5 Ke6 33. Rxc6+
Rxc6 34. bxc6 Kd6 35. Kf3 Kxc6 36. Ke4 Kc5 37. Kf5 Kxc4 38. Kxf6 1-0

[Event "AUTO-BEG-149"]
[Site "http://www.queenalice.com/game.php?id=290189"]
[Date "2007.10.20"]
[Round "1"]
[White "Jose_anubis"]
[Black "rogeriolins"]
[Result "0-1"]
[WhiteElo "1203"]
[BlackElo "1010"]

1. e4 e5 2. d3 Be7 3. Be3 Nf6 4. a4 O-O 5. Be2 Nc6 6. Ra3 Bxa3 7. bxa3 Nd4 8.
Bf3 c5 9. c3 Nxf3+ 10. Nxf3 Ng4 11. Bd2 d5 12. exd5 Qxd5 13. h3 Nf6 14. c4 Qxd3
15. Nxe5 Qe4+ 16. Kf1 Qxe5 17. f4 Qd4 18. g3 Qd3+ 19. Kf2 Ne4+ 20. Ke1 Qxg3+ 21.
Ke2 Bxh3 22. a5 Qf2+ 23. Kd3 Qd4+ 24. Ke2 Bg4+ 25. Kf1 Bxd1 26. Ke1 Bf3 27. f5
Bxh1 0-1

[Event "AUTO-BEG-149"]
[Site "http://www.queenalice.com/game.php?id=290190"]
[Date "2007.10.20"]
[Round "1"]
[White "rogeriolins"]
[Black "Jose_anubis"]
[Result "1-0"]
[WhiteElo "1042"]
[BlackElo "1203"]

1. e4 e5 2. Nf3 d6 3. Be2 Nc6 4. O-O h6 5. c3 Bd7 6. Qb3 Be7 7. d4 a5 8. d5 Na7
9. Qxb7 Qb8 10. Qxb8+ Rxb8 11. Be3 Nf6 12. Nbd2 h5 13. h3 Rxb2 14. Rfb1 Rc2 15.
Rc1 Ba4 16. Nb3 Rxe2 17. Nxa5 Nxe4 18. Re1 Bb5 19. Rxe2 Bxe2 20. Bxa7 Kd7 21.
Rc1 Bh4 22. Kh2 g5 23. Ng1 Bd3 24. g3 Nxg3 25. fxg3 e4 26. gxh4 gxh4 27. Bd4 c5
28. Bxh8 1-0

[Event "AUTO-BEG-149"]
[Site "http://www.queenalice.com/game.php?id=290204"]
[Date "2007.10.20"]
[Round "1"]
[White "rogeriolins"]
[Black "Jajer"]
[Result "1-0"]
[WhiteElo "1067"]
[BlackElo "1558"]

1. e4 c5 2. d3 e6 3. Be2 e5 4. c4 d6 5. Qa4+ Bd7 6. Qd1 Be7 7. Nf3 Nf6 8. O-O
O-O 9. b3 Bg4 10. h3 Be6 11. Bg5 Nbd7 12. a4 h6 13. Bxf6 Nxf6 14. Nc3 Qb6 15.
Nd5 Nxd5 16. exd5 Bf5 17. Ne1 Bf6 18. a5 Qb4 19. Ra4 Qc3 20. Qc2 Qd4 21. a6 b6
22. Nf3 Qf4 23. g3 Bxd3 24. Qxd3 e4 25. gxf4 exd3 26. Bxd3 g6 27. b4 g5 28. fxg5
Bxg5 29. Bf5 Rab8 30. h4 Bf4 31. h5 f6 32. Nh4 Bg5 33. Ng6 Rfe8 34. f4 b5 35.
cxb5 c4 36. Rf3 Bxf4 37. Nxf4 Re1+ 38. Kf2 Re5 39. Be6+ Kg7 40. Re3 Rg5 41. Rg3
Rxg3 42. Kxg3 Rxb5 43. Bd7 Rb6 44. b5 c3 45. Rc4 f5 46. Rxc3 Kf7 47. Rc7 Kf6 48.
Rxa7 Ke5 49. Rc7 Kd4 50. a7 Ke5 51. a8=Q Ke4 52. Qa7 Ke5 53. Qxb6 Kf6 54. Qxd6+
Kf7 55. Bxf5+ Ke8 56. Qd7+ Kf8 57. Rc8# 1-0

[Event "AUTO-BEG-149"]
[Site "http://www.queenalice.com/game.php?id=290213"]
[Date "2007.10.20"]
[Round "1"]
[White "rogeriolins"]
[Black "foda"]
[Result "0-1"]
[WhiteElo "1067"]
[BlackElo "1295"]

1. e4 Nc6 2. d3 Nf6 3. Nc3 e5 4. Nf3 d6 5. Be2 Nd4 6. Nxd4 exd4 7. Nd5 Be6 8.
Nxf6+ Qxf6 9. O-O d5 10. exd5 Bxd5 11. Bf3 Be6 12. Bxb7 Rb8 13. Bf3 Qg6 14. Be4
f5 15. Bc6+ Bd7 16. Bxd7+ Kxd7 17. Qf3 Bd6 18. Bf4 Rxb2 19. c4 Re8 20. c5 Bxc5
21. Bc1 Rc2 22. Qd5+ Qd6 23. Qxf5+ Qe6 24. Qxe6+ Rxe6 25. Bf4 Rf6 26. Bg3 Rd2
27. Rfd1 Re2 28. Re1 Rxe1+ 29. Rxe1 Bb4 30. Re2 Bd6 31. Bxd6 cxd6 32. Re4 g5 33.
Rxd4 Re6 34. f3 Re1+ 35. Kf2 Re5 36. Ra4 d5 37. Rxa7+ Kc8 38. Rxh7 Rf5 39. Rh6
g4 40. a4 gxf3 41. gxf3 Rf7 42. a5 Ra7 43. Rh8+ Kb7 44. Rh7+ Kb8 45. Rxa7 Kxa7
46. Ke3 Ka6 47. Kd4 Kxa5 48. Kxd5 Kb6 49. d4 Kc7 50. h4 Kd7 51. Ke5 Ke7 52. d5
Kd7 53. d6 Kc6 54. Ke6 Kc5 55. d7 Kc6 56. d8=Q Kc5 57. h5 Kc4 58. h6 Kc3 59. h7
Kc2 0-1

[Event "AUTO-BEG-149"]
[Site "http://www.queenalice.com/game.php?id=290214"]
[Date "2007.10.20"]
[Round "1"]
[White "foda"]
[Black "rogeriolins"]
[Result "1-0"]
[WhiteElo "1299"]
[BlackElo "1018"]

1. e4 e5 2. Bc4 d6 3. Qf3 f6 4. d3 Be7 5. Bb5+ c6 6. Bc4 d5 7. Bxd5 cxd5 8. Nc3
d4 9. Nd5 Bd6 10. c3 Ne7 11. cxd4 exd4 12. Ne2 Nxd5 13. exd5 O-O 14. Nxd4 Qa5+
15. Bd2 Qc5 16. Bc3 Be5 17. Nf5 Bxc3+ 18. Ke2 Bxb2 19. Rab1 Qc2+ 20. Ke3 Re8+
21. Kf4 Be5+ 22. Kg4 Qxa2 23. d4 Bxf5+ 24. Kxf5 Bxd4 25. d6 Qa5+ 26. Kg4 Qd5 27.
Qxd5+ 1-0

[Event "Challenge"]
[Site "http://www.queenalice.com/game.php?id=386076"]
[Date "2008.4.11"]
[Round "-"]
[White "rogeriolins"]
[Black "DuNascimento"]
[Result "1-0"]
[WhiteElo "1072"]
[BlackElo "1140"]

1. e4 Nf6 2. d3 e6 3. Nf3 Bb4+ 4. Bd2 Bc5 5. Be3 Bb4+ 6. c3 Ba5 7. Be2 h5 8. a3
c6 9. b4 Bb6 10. Bxb6 Qxb6 11. O-O h4 12. h3 c5 13. Qb3 cxb4 14. Qxb4 a5 15.
Qxb6 Nc6 16. Qb2 b6 17. Qxb6 g6 18. e5 Nd5 19. Qb2 Nf4 20. g3 Nxh3+ 21. Kg2 hxg3
22. Kxg3 f5 23. Ng1 f4+ 24. Kf3 Nxe5+ 25. Ke4 d6 26. d4 Nc6 27. Nxh3 d5+ 28.
Kxf4 Rxh3 29. Bg4 Rd3 30. Qe2 Ba6 31. Qxe6+ Ne7 32. Rh1 Kf8 33. Rh8+ Kg7 34.
Rxa8 Bc8 35. Qxe7+ Kh6 36. Rxc8 g5+ 37. Qxg5+ 1-0

[Event "Challenge"]
[Site "http://www.queenalice.com/game.php?id=399620"]
[Date "2008.5.8"]
[Round "-"]
[White "ORNELAS"]
[Black "rogeriolins"]
[Result "0-1"]
[WhiteElo "1550"]
[BlackElo "1105"]

1. e4 e5 2. Bc4 Nf6 3. d3 Bd6 4. Nf3 O-O 5. O-O h6 6. Bxh6 gxh6 7. Nh4 Be7 8.
Nf5 Kh7 9. Qf3 d6 10. Qh3 Bxf5 11. Qxf5+ Kg7 12. Bd5 c6 13. Bb3 Qd7 14. Qf3 d5
15. Qg3+ Qg4 16. Qe3 d4 17. h3 dxe3 18. fxe3 Qe2 19. Nc3 Qxe3+ 20. Rf2 Nbd7 21.
Nd1 Qd4 22. Kh2 Nc5 23. Bc4 b5 24. Bb3 Nxb3 25. axb3 Ba3 26. Rxa3 b4 27. Ra4 a5
28. Rf3 Nxe4 29. Ne3 Nd2 30. Rg3+ Kf6 31. Ng4+ Ke7 32. Nxh6 Nf1+ 33. Kh1 Nxg3+
34. Kh2 Qf4 35. Ng4 f5 36. Ra1 fxg4 37. hxg4 Ne2+ 38. Kh3 Rh8# 0-1

[Event "Challenge"]
[Site "http://www.queenalice.com/game.php?id=418937"]
[Date "2008.6.17"]
[Round "-"]
[White "rogeriolins"]
[Black "Aldino"]
[Result "0-1"]
[WhiteElo "1135"]
[BlackElo "1673"]

1. e4 e5 2. Nf3 d6 3. Bc4 h6 4. O-O Nf6 5. h3 Nxe4 6. Bd3 Nc5 7. Bb5+ c6 8. Bc4
Be7 9. Qe2 d5 10. Bb3 Nxb3 11. cxb3 f6 12. Nxe5 fxe5 13. Qxe5 Rg8 14. d3 Qd6 15.
Qh5+ Kd8 16. Nd2 Bd7 17. Nf3 Be8 18. Qf5 Rf8 19. Qe5 Qxe5 20. Nxe5 Nd7 21. Nxd7
Bxd7 22. Bd2 Bf6 23. Rab1 Bf5 24. Rfd1 Bxd3 25. Rbc1 Be2 26. Re1 Re8 27. Be3 Ba6
28. Rc2 d4 29. Rd1 Kc7 30. Bf4+ Kd7 31. a4 Re4 32. g3 Rae8 33. Rcd2 Re1+ 34.
Rxe1 Rxe1+ 35. Kg2 Re2 36. Rxe2 Bxe2 37. f3 Bd1 38. b4 Bxa4 39. Bd2 Kd6 40. Bf4+
Kd5 41. Bb8 a6 42. g4 d3 43. Bf4 Bxb2 44. Bd2 Kc4 45. f4 Bc3 46. Bc1 d2 47. Bxd2
Bxd2 48. f5 Kxb4 49. h4 c5 50. Kf3 Bc6+ 51. Ke2 Bf4 52. Kf2 c4 53. g5 hxg5 54.
h5 c3 55. f6 gxf6 56. h6 Be4 57. Ke2 c2 58. Kf2 c1=Q 59. Ke2 Qd2+ 60. Kf1 Qd1+
61. Kf2 g4 62. h7 Bxh7 63. Kg2 g3 64. Kh3 Bf5+ 0-1

[Event "Challenge"]
[Site "http://www.queenalice.com/game.php?id=481204"]
[Date "2008.10.22"]
[Round "-"]
[White "rogeriolins"]
[Black "QuinhoFogo"]
[Result "0-1"]
[WhiteElo "1133"]
[BlackElo "1632"]

1. d4 d5 2. Nf3 Nf6 3. e3 Ne4 4. Qe2 Bf5 5. Nc3 e6 6. Nxe4 Bxe4 7. c3 c5 8. dxc5
Bxc5 9. b4 Be7 10. Qb5+ Nc6 11. Qxb7 Rc8 12. b5 Qa5 13. Bd2 O-O 14. c4 Bb4 15.
bxc6 Bxd2+ 16. Nxd2 dxc4 17. Bxc4 Bxc6 18. Qa6 Qc3 19. Rd1 Bd5 20. Bxd5 exd5 21.
O-O Rc6 22. Qxa7 Rfc8 23. Nb3 R8c7 24. Qd4 Rd7 25. Qxc3 Rxc3 26. h3 d4 27. exd4
Ra7 28. Rd2 Ra6 29. d5 Rg6 30. f3 Re3 31. Kf2 Rc3 32. d6 Rc8 0-1

[Event "Let's Play Chess!"]
[Site "http://www.queenalice.com/game.php?id=936806"]
[Date "2011.5.11"]
[Round "-"]
[White "rogeriolins"]
[Black "adelio"]
[Result "0-1"]
[WhiteElo "1112"]
[BlackElo "1817"]

1. d4 g6 2. g3 b5 3. Bg2 d5 4. Nf3 Bg7 5. O-O Bg4 6. Nfd2 Nf6 7. Nc3 c6 8. Nf3
Bxf3 9. Bxf3 O-O 10. Bf4 Nbd7 11. e3 Re8 12. a3 e5 0-1